[Event "TCh-HUN 2017-18"]
[Site "Hungary HUN"]
[Date "2018.02.18"]
[Round "6.6"]
[White "Balog, Imre"]
[Black "Borocz, Istvan1"]
[Result "1-0"]
[WhiteTitle "GM"]
[BlackTitle "IM"]
[WhiteElo "2539"]
[BlackElo "2362"]
[WhiteTeam "Penzugyor SE"]
[BlackTeam "HUSI SC"]
[WhiteFideId "728446"]
[BlackFideId "703036"]
[EventDate "2017.11.25"]
[EventType "team-tourn"]

1. d4 Nf6 2. Bg5 c5 3. d5 Ne4 4. Bf4 d6 5. f3 Nf6 6. e4 e5 7. Be3 Be7 8. Bb5+
Nfd7 9. a4 Bg5 10. Bf2 Na6 11. Ne2 Nc7 12. Bd3 h5 13. Na3 Nf6 14. Nc4 b6 15. c3
Ba6 16. b4 Bxc4 17. Bxc4 h4 18. Qd3 Nh5 19. a5 O-O 20. O-O Qe7 21. Bb5 Nxb5 22.
Qxb5 Rab8 23. axb6 axb6 24. Ra6 cxb4 25. cxb4 f5 26. Qd3 fxe4 27. fxe4 Nf4 28.
Nxf4 Rxf4 29. b5 Rbf8 30. Raa1 Qd7 31. h3 Bd8 32. Be3 Rxf1+ 33. Rxf1 Rxf1+ 34.
Qxf1 Qc8 35. Qd3 Kh7 36. Kf2 Kg6 37. Kg1 Bg5 38. Bxb6 Qc1+ 39. Kf2 Bf4 40. Kf3
Kg5 41. Bf2 Qb2 42. Be1 Kh5 43. Ba5 Bg5 44. Bc7 Qb4 45. Bb6 Qe1 46. Bf2 Qb4 47.
g4+ hxg3 48. Bxg3 Qb2 49. Bf2 Bd8 50. Qe2 Qb1 51. Kg3+ Kh6 52. Kg4 g6 53. Kg3
Kg7 54. Kg2 1-0

[Event "TCh-HUN 2017-18"]
[Site "Hungary HUN"]
[Date "2018.02.18"]
[Round "6.7"]
[White "Dory, Jeno"]
[Black "Hujbert, Florian"]
[Result "1/2-1/2"]
[WhiteTitle "IM"]
[BlackTitle "IM"]
[WhiteElo "2228"]
[BlackElo "2444"]
[WhiteTeam "HUSI SC"]
[BlackTeam "Penzugyor SE"]
[WhiteFideId "700860"]
[BlackFideId "730165"]
[EventDate "2017.11.25"]
[EventType "team-tourn"]

1. e4 e5 2. Nf3 Nc6 3. Bb5 a6 4. Bxc6 dxc6 5. d4 exd4 6. Qxd4 Qxd4 7. Nxd4 c5 8.
Ne2 Bd7 9. Nbc3 Bc6 10. Bf4 O-O-O 11. O-O Nf6 12. f3 c4 13. Kf2 b5 14. a3 Bc5+
15. Be3 Bd6 16. Rfd1 Rhe8 1/2-1/2

[Event "TCh-HUN 2017-18"]
[Site "Hungary HUN"]
[Date "2018.02.18"]
[Round "6.8"]
[White "Seres, Lajos"]
[Black "Bodiroga, Predrag"]
[Result "1/2-1/2"]
[WhiteTitle "GM"]
[BlackTitle "IM"]
[WhiteElo "2406"]
[BlackElo "2324"]
[WhiteTeam "Penzugyor SE"]
[BlackTeam "HUSI SC"]
[WhiteFideId "701254"]
[BlackFideId "915700"]
[EventDate "2017.11.25"]
[EventType "team-tourn"]

1. d4 Nf6 2. Nf3 e6 3. c4 d5 4. Bg5 Bb4+ 5. Nc3 h6 6. Bxf6 Qxf6 7. e3 O-O 8. Rc1
c6 9. Qb3 Bxc3+ 10. Qxc3 dxc4 11. Bxc4 Nd7 12. O-O b6 13. Qa3 e5 14. Rfd1 exd4
15. Rxd4 c5 16. Rd2 a6 17. Rcd1 Ra7 18. Rd6 Qe7 19. Qc3 b5 20. Bd5 Rc7 21. h3
Nf6 22. Bc6 Ne8 23. Bxe8 Rxe8 24. Qd3 Bb7 25. Qf5 Be4 26. Qg4 Rc6 27. Rxc6 Bxc6
28. Qf4 Bxf3 29. Qxf3 1/2-1/2

[Event "TCh-HUN 2017-18"]
[Site "Hungary HUN"]
[Date "2018.02.18"]
[Round "6.9"]
[White "Kosanovic, Goran A"]
[Black "Bakos, Balazs"]
[Result "1-0"]
[WhiteTitle "GM"]
[BlackTitle "FM"]
[WhiteElo "2368"]
[BlackElo "2423"]
[WhiteTeam "HUSI SC"]
[BlackTeam "Penzugyor SE"]
[WhiteFideId "901466"]
[BlackFideId "725773"]
[EventDate "2017.11.25"]
[EventType "team-tourn"]

1. d4 Nf6 2. Nf3 g6 3. c4 Bg7 4. Nc3 d5 5. cxd5 Nxd5 6. Bd2 Nb6 7. e3 O-O 8. Be2
N8d7 9. Qc2 c6 10. e4 e5 11. dxe5 Nxe5 12. Nxe5 Bxe5 13. O-O-O Qc7 14. g3 Be6
15. f4 Bg7 16. Be3 Qe7 17. Bd4 Rfd8 18. Bxg7 Kxg7 19. h4 Qc5 20. h5 Nc4 21. Bxc4
Bxc4 22. h6+ Kg8 23. Rhe1 Qf8 24. e5 Bd5 25. Qh2 b5 26. g4 b4 27. Nxd5 Rxd5 28.
Rxd5 cxd5 29. f5 Rc8+ 30. Kb1 Rc4 31. Qg2 Re4 32. Rxe4 dxe4 33. Qxe4 Qxh6 34.
Kc2 Qf8 35. Kb3 Qc5 36. fxg6 hxg6 37. e6 fxe6 38. Qxg6+ Kf8 39. Qf6+ Ke8 40.
Qxe6+ Kd8 41. Qc4 Qe3+ 42. Kxb4 Qd2+ 43. Kb3 Qe3+ 44. Ka4 Qe8+ 45. Ka3 Qe3+ 46.
b3 Kd7 47. Ka4 Kd6 48. a3 Qg1 49. b4 Kd7 50. Qd5+ Ke8 51. g5 Qf2 52. Qe6+ 1-0

[Event "TCh-HUN 2017-18"]
[Site "Hungary HUN"]
[Date "2018.02.18"]
[Round "6.10"]
[White "Szuk, Balazs"]
[Black "Erdelyi, Zombor"]
[Result "1/2-1/2"]
[WhiteTitle "IM"]
[WhiteElo "2370"]
[BlackElo "2304"]
[WhiteTeam "Penzugyor SE"]
[BlackTeam "HUSI SC"]
[WhiteFideId "706019"]
[BlackFideId "720410"]
[EventDate "2017.11.25"]
[EventType "team-tourn"]

1. e4 c5 2. Nf3 d6 3. d4 cxd4 4. Nxd4 Nf6 5. f3 Nc6 6. c4 Qb6 7. Nc2 g6 8. Nc3
Bg7 9. Rb1 Nb4 10. Nxb4 Qxb4 11. Be3 O-O 12. Qd2 a6 13. Be2 Be6 14. O-O Rfc8 15.
Rfc1 Kf8 16. b3 b5 17. cxb5 axb5 18. a4 bxa4 19. bxa4 Qa3 20. Bd4 Nd7 21. Bxg7+ 1/2-1/2

[Event "TCh-HUN 2017-18"]
[Site "Hungary HUN"]
[Date "2018.02.18"]
[Round "6.11"]
[White "Biro, David"]
[Black "Gara, Anita"]
[Result "1/2-1/2"]
[BlackTitle "IM"]
[WhiteElo "2222"]
[BlackElo "2385"]
[WhiteTeam "HUSI SC"]
[BlackTeam "Penzugyor SE"]
[WhiteFideId "717355"]
[BlackFideId "709751"]
[EventDate "2017.11.25"]
[EventType "team-tourn"]

1. Nf3 Nf6 2. g3 g6 3. Bg2 Bg7 4. O-O O-O 5. d3 d6 6. e4 c5 7. Nbd2 Nc6 8. a4 h6
9. Re1 e5 10. Nc4 Be6 11. c3 Qc7 12. Ne3 Rad8 13. c4 Qd7 14. Bd2 Ne8 15. Nh4 Nd4
16. Bc3 Nc7 17. Rf1 Bh3 18. f4 exf4 19. Rxf4 Bxg2 20. Nhxg2 Nce6 21. Rf1 Ng5 22.
Nf4 Rde8 23. Ned5 Kh7 24. h4 Nh3+ 25. Kg2 Nxf4+ 26. Rxf4 f5 27. Bxd4 Bxd4 28.
exf5 Rxf5 29. Rxf5 Qxf5 30. Qf3 Qxf3+ 31. Kxf3 Rf8+ 32. Kg4 h5+ 33. Kh3 Rf3 34.
Nf4 Rf2 35. Ra2 Be5 36. Ne6 Rd2 37. Ra3 Rxb2 38. d4 cxd4 39. Rf3 d3 40. Rxd3 Rf2
41. Rb3 b6 42. a5 Rc2 43. Rf3 Rxc4 44. Rf7+ Kh6 45. Ng5 Bg7 46. a6 Ra4 47. Rxa7
d5 48. Nf7+ Kh7 49. Ng5+ Kh6 50. Ne6 Bb2 51. Nf8 Bg7 52. Ne6 Bb2 53. Nf8 Bg7 54.
Nd7 Bd4 55. Nb8 Ra3 56. Nc6 Bf2 57. Ne7 g5 58. Ng8+ Kg6 59. Ne7+ Kf6 60. hxg5+
Kxg5 61. Kg2 Bc5 62. Nxd5 b5 63. Rc7 Bd4 64. Nf4 Rxa6 65. Rb7 Rb6 66. Rh7 b4 67.
Rxh5+ Kg4 68. Rh4+ Kf5 69. Nd5 Rd6 70. Nxb4 Be5 71. Rc4 Rd4 72. Rxd4 Bxd4 73.
Kf3 Be5 74. g4+ Kg5 75. Nc6 Bf6 76. Nb8 Be7 77. Nc6 Bf6 78. Nb4 Be7 79. Nd5 Bd6
80. Nc3 Bc7 81. Ne4+ Kg6 82. Nc5 Bd6 83. Ne4 Be5 1/2-1/2

[Event "TCh-HUN 2017-18"]
[Site "Hungary HUN"]
[Date "2018.02.18"]
[Round "6.12"]
[White "Karacsonyi, Gellert"]
[Black "Reskone dr., Timko Melinda"]
[Result "1-0"]
[WhiteElo "2209"]
[BlackElo "2028"]
[WhiteTeam "Penzugyor SE"]
[BlackTeam "HUSI SC"]
[WhiteFideId "764620"]
[BlackFideId "720550"]
[EventDate "2017.11.25"]
[EventType "team-tourn"]

1. e4 c5 2. Nf3 e6 3. d4 cxd4 4. Nxd4 Qb6 5. Be3 Bc5 6. c3 Nc6 7. Nd2 Nxd4 8.
Nc4 Qc6 9. Bxd4 Qxe4+ 10. Be2 Be7 11. O-O Kf8 12. Bf3 Qf5 13. Qa4 Nf6 14. Nb6
Rb8 15. Qxa7 Qf4 16. Nc4 Qc7 17. Rad1 Ne8 18. Bb6 Qxc4 19. Qxb8 d5 20. b3 Qc6
21. c4 Bd7 22. Be3 Qa6 23. cxd5 Bd6 24. Qd8 Bb5 25. Rfe1 Bc7 26. Bc5+ Kg8 27.
Qe7 h6 28. dxe6 1-0

[Event "TCh-HUN 2017-18"]
[Site "Hungary HUN"]
[Date "2018.02.18"]
[Round "6.1"]
[White "Nagy, Gabor1"]
[Black "Balogh, Csaba"]
[Result "1/2-1/2"]
[WhiteTitle "IM"]
[WhiteElo "2472"]
[BlackElo "1394"]
[WhiteTeam "Aquarena Kobanya SC"]
[BlackTeam "Aquaprofit-NTSK I"]
[WhiteFideId "737119"]
[BlackFideId "790877"]
[EventDate "2017.11.25"]
[EventType "team-tourn"]

1. e4 e5 2. Nf3 Nc6 3. Bb5 Nf6 4. O-O Nxe4 5. Re1 Nd6 6. Nxe5 Be7 7. Bf1 O-O 8.
d4 Nf5 9. c3 Nxe5 10. Rxe5 d6 11. Re1 d5 12. Bf4 Bd6 13. Qf3 Nh4 14. Qg3 Nf5 15.
Qf3 Bxf4 16. Qxf4 Qd6 17. Qxd6 Nxd6 18. Bd3 Bd7 19. Nd2 Rfe8 20. f3 f6 21. Kf2
a5 22. Rxe8+ Bxe8 23. Re1 Kf7 24. h4 Bb5 25. Bc2 a4 26. h5 g6 27. hxg6+ hxg6 28.
Rh1 Re8 29. Re1 Rh8 30. b3 axb3 31. axb3 Ra8 32. Bb1 Be8 33. c4 c6 34. Rh1 Kg7
35. Re1 Kf7 36. Rh1 Kg7 37. Re1 Kf7 38. Rh1 Kg7 1/2-1/2

[Event "TCh-HUN 2017-18"]
[Site "Hungary HUN"]
[Date "2018.02.18"]
[Round "6.2"]
[White "Lenic, Luka"]
[Black "Izsak, Gyula"]
[Result "1-0"]
[WhiteTitle "GM"]
[BlackTitle "IM"]
[WhiteElo "2650"]
[BlackElo "2437"]
[WhiteTeam "Aquaprofit-NTSK I"]
[BlackTeam "Aquarena Kobanya SC"]
[WhiteFideId "14603853"]
[BlackFideId "702234"]
[EventDate "2017.11.25"]
[EventType "team-tourn"]

1. e4 c5 2. Nf3 e6 3. d4 cxd4 4. Nxd4 a6 5. c4 Nf6 6. Nc3 Bb4 7. Qd3 d5 8. exd5
exd5 9. Be2 O-O 10. O-O dxc4 11. Qxc4 Bd6 12. Rd1 Qc7 13. Qxc7 Bxc7 14. Bg5 Nbd7
15. Rac1 h6 16. Be3 Ne5 17. Ne4 Nd5 18. Bd2 Bb6 19. Nc5 Re8 20. Ndb3 Nf6 21. h3
Nfd7 22. Be3 Nxc5 23. Nxc5 Be6 24. b3 Bxc5 25. Bxc5 Rac8 26. Bd6 Nc6 27. Kf1
Red8 28. h4 Rd7 29. Ba3 Rxd1+ 30. Rxd1 a5 31. Rd2 Rd8 32. Rxd8+ Nxd8 33. Bb5 Nc6
34. Bc5 Nb4 35. Bxb4 axb4 36. Ke2 Kf8 37. Kd3 Ke7 38. Bc4 Bf5+ 39. Kd4 Bb1 40.
Kc5 Bxa2 41. Kxb4 Bb1 42. Kc5 g5 43. hxg5 hxg5 44. b4 Be4 45. f3 Bf5 46. Bd5 g4
47. Bxb7 gxf3 48. gxf3 Kd7 49. Kb6 Bd3 50. Bc6+ Kc8 51. Ka7 Kc7 52. b5 1-0

[Event "TCh-HUN 2017-18"]
[Site "Hungary HUN"]
[Date "2018.02.18"]
[Round "6.3"]
[White "Szabo, Bence"]
[Black "Erdos, Viktor"]
[Result "1/2-1/2"]
[WhiteTitle "IM"]
[BlackTitle "GM"]
[WhiteElo "2369"]
[BlackElo "2622"]
[WhiteTeam "Aquarena Kobanya SC"]
[BlackTeam "Aquaprofit-NTSK I"]
[WhiteFideId "733776"]
[BlackFideId "719978"]
[EventDate "2017.11.25"]
[EventType "team-tourn"]

1. Nf3 Nf6 2. c4 g6 3. g3 b6 4. Bg2 Bb7 5. O-O Bg7 6. d4 e6 7. Qc2 Be4 8. Qd1
Bb7 9. Qc2 Be4 10. Qd1 O-O 11. Nc3 Bb7 12. Qc2 d5 13. Ne5 Nc6 14. Rd1 Ne7 1/2-1/2

[Event "TCh-HUN 2017-18"]
[Site "Hungary HUN"]
[Date "2018.02.18"]
[Round "6.4"]
[White "Markus, Robert"]
[Black "Toth, Ervin"]
[Result "1/2-1/2"]
[WhiteTitle "GM"]
[BlackTitle "IM"]
[WhiteElo "2630"]
[BlackElo "2449"]
[WhiteTeam "Aquaprofit-NTSK I"]
[BlackTeam "Aquarena Kobanya SC"]
[WhiteFideId "921637"]
[BlackFideId "726559"]
[EventDate "2017.11.25"]
[EventType "team-tourn"]

1. d4 g6 2. Nf3 Bg7 3. c4 d6 4. Nc3 Nf6 5. g3 O-O 6. Bg2 Nbd7 7. O-O e5 8. e4
exd4 9. Nxd4 Re8 10. h3 Nc5 11. Re1 c6 12. Rb1 a5 13. b3 Nfd7 14. Be3 Ne5 15.
Re2 Qe7 16. Qc2 a4 17. f4 axb3 18. axb3 Ned7 19. Bf2 h5 20. b4 Ne6 21. Nxe6 Qxe6
22. Na4 Qf6 23. Be3 Nf8 24. Rd2 Qe7 25. Re1 Be6 26. c5 Rad8 27. cxd6 Rxd6 28.
Rxd6 Qxd6 29. Nc5 Bd4 30. Qd2 Bxc5 31. bxc5 Qxd2 32. Bxd2 Rd8 33. Be3 Rd3 34.
Kf2 Rb3 35. Ra1 f6 36. Bd4 Nd7 37. Bf1 Rb4 38. Ke3 Rb3+ 39. Kf2 Rb4 40. Rd1 Kf7
41. Ke3 Rb3+ 42. Kf2 Rb4 43. Ke3 Rb3+ 1/2-1/2

[Event "TCh-HUN 2017-18"]
[Site "Hungary HUN"]
[Date "2018.02.18"]
[Round "6.5"]
[White "Konnyu, Janos"]
[Black "Banusz, Tamas"]
[Result "0-1"]
[WhiteTitle "IM"]
[BlackTitle "GM"]
[WhiteElo "2366"]
[BlackElo "2616"]
[WhiteTeam "Aquarena Kobanya SC"]
[BlackTeam "Aquaprofit-NTSK I"]
[WhiteFideId "721280"]
[BlackFideId "722413"]
[EventDate "2017.11.25"]
[EventType "team-tourn"]

1. e4 e5 2. Nf3 Nc6 3. d4 exd4 4. Nxd4 Nf6 5. Nxc6 bxc6 6. Qe2 d5 7. exd5+ Be7
8. dxc6 O-O 9. Qd3 Nd5 10. a3 Bg5 11. c4 Bxc1 12. cxd5 Qg5 13. h4 Qf6 14. Qc3
Re8+ 15. Be2 Bxb2 16. Qxf6 Bxf6 17. Ra2 Ba6 18. a4 Bc4 19. Rc2 Bd3 20. Na3 Bxc2
21. Nxc2 Bc3+ 0-1

[Event "TCh-HUN 2017-18"]
[Site "Hungary HUN"]
[Date "2018.02.18"]
[Round "6.6"]
[White "Medvegy, Zoltan"]
[Black "Krizsany, Laszlo"]
[Result "1/2-1/2"]
[WhiteTitle "GM"]
[BlackTitle "IM"]
[WhiteElo "2539"]
[BlackElo "2424"]
[WhiteTeam "Aquaprofit-NTSK I"]
[BlackTeam "Aquarena Kobanya SC"]
[WhiteFideId "708402"]
[BlackFideId "701718"]
[EventDate "2017.11.25"]
[EventType "team-tourn"]

1. c4 e5 2. g3 c6 3. Nf3 e4 4. Nd4 d5 5. d3 Bb4+ 6. Nc3 c5 7. Nc2 Bxc3+ 8. bxc3
dxc4 9. dxe4 Qxd1+ 10. Kxd1 Be6 11. Bf4 Nc6 12. Ne3 O-O-O+ 13. Kc2 Nge7 14. Bg2
Ng6 15. h4 Rd7 16. h5 Nxf4 17. gxf4 f6 18. Rad1 h6 19. e5 fxe5 20. Bxc6 bxc6 21.
Rxd7 Kxd7 22. fxe5 Rf8 23. f3 Bf7 24. Rh4 Ke6 25. Nxc4 Kf5 26. Nd6+ Kxe5 27.
Nxf7+ Rxf7 28. Kd3 Rf4 29. Rh2 Ra4 30. Rg2 c4+ 31. Ke3 Ra3 32. Rxg7 Rxc3+ 33.
Kd2 Ra3 34. Re7+ Kd6 35. Rh7 1/2-1/2

[Event "TCh-HUN 2017-18"]
[Site "Hungary HUN"]
[Date "2018.02.18"]
[Round "6.7"]
[White "Turzo, Attila"]
[Black "Ribli, Zoltan"]
[Result "1/2-1/2"]
[WhiteTitle "IM"]
[BlackTitle "GM"]
[WhiteElo "2283"]
[BlackElo "2526"]
[WhiteTeam "Aquarena Kobanya SC"]
[BlackTeam "Aquaprofit-NTSK I"]
[WhiteFideId "704954"]
[BlackFideId "700010"]
[EventDate "2017.11.25"]
[EventType "team-tourn"]

1. d4 d5 2. Bf4 c5 3. e3 Nc6 4. c3 Nf6 5. Nd2 Bf5 6. Ngf3 e6 7. Nh4 Be4 8. f3
Bg6 9. Qb3 Qd7 10. g4 cxd4 11. exd4 Bd6 12. Bxd6 Qxd6 13. Qxb7 Rb8 14. Qa6 O-O
15. Nxg6 fxg6 16. O-O-O Rb6 17. Qe2 a5 18. Nb3 Rfb8 19. Rd2 Qf4 20. Kb1 e5 21.
Bg2 exd4 22. Nxd4 Nxd4 23. cxd4 h6 24. Rhd1 Re8 25. Qd3 Kh7 1/2-1/2

[Event "TCh-HUN 2017-18"]
[Site "Hungary HUN"]
[Date "2018.02.18"]
[Round "6.8"]
[White "Kantor, Gergely"]
[Black "Horvath, David"]
[Result "1/2-1/2"]
[WhiteTitle "IM"]
[BlackTitle "IM"]
[WhiteElo "2514"]
[BlackElo "2377"]
[WhiteTeam "Aquaprofit-NTSK I"]
[BlackTeam "Aquarena Kobanya SC"]
[WhiteFideId "751499"]
[BlackFideId "704890"]
[EventDate "2017.11.25"]
[EventType "team-tourn"]

1. d4 Nf6 2. c4 e6 3. g3 d5 4. Bg2 c5 5. Nf3 Nc6 6. cxd5 exd5 7. O-O Be7 8. dxc5
Bxc5 9. a3 a5 10. Qc2 Be7 11. Nc3 Be6 12. Rd1 Qc8 13. Bg5 O-O 14. Bxf6 Bxf6 15.
Nxd5 Bxd5 16. Rxd5 Qe6 17. Rc5 Nd4 18. Nxd4 Bxd4 19. Rb5 Rac8 20. Qd2 Rfd8 21.
e3 Bc3 22. Qe2 Rd2 23. Qh5 Rxb2 24. Rxb2 Bxb2 25. Bh3 Qb6 26. Bxc8 Bxa1 27. Qd5
g6 28. Bxb7 Bb2 29. a4 Bc3 30. Bc6 Qc7 31. Bb5 Qe5 32. Qd7 Bb4 33. Bc4 Qe7 34.
Qd5 Kg7 35. Kg2 Bc3 36. g4 h6 37. h3 Bb4 38. Bb3 Qf6 39. h4 g5 40. h5 Bc3 41.
Qd7 Bb4 42. Kf1 Bc3 43. Qe8 Bb4 44. Qd7 Qe7 45. Qd5 Bc3 46. Bc4 Qc7 47. Bb3 Bb2
48. Ke2 Bc3 49. Kd3 Be5 50. Ke4 Bc3 51. Bc4 Bf6 52. Kf3 Bc3 53. Kg2 Be5 54. e4
Bf6 55. Bb3 Be5 56. Bc4 Bf6 57. Bb3 Be5 58. Bc4 Bf6 1/2-1/2

[Event "TCh-HUN 2017-18"]
[Site "Hungary HUN"]
[Date "2018.02.18"]
[Round "6.9"]
[White "Farkas, Richard"]
[Black "Aczel, Gergely"]
[Result "0-1"]
[BlackTitle "IM"]
[WhiteElo "2346"]
[BlackElo "2573"]
[WhiteTeam "Aquarena Kobanya SC"]
[BlackTeam "Aquaprofit-NTSK I"]
[WhiteFideId "703850"]
[BlackFideId "727709"]
[EventDate "2017.11.25"]
[EventType "team-tourn"]

1. e4 c5 2. Nf3 d6 3. c3 Nf6 4. Bd3 Nc6 5. Bc2 Bg4 6. d3 e6 7. Nbd2 Be7 8. h3
Bh5 9. g4 Bg6 10. Nh4 d5 11. Qe2 Qc7 12. Ndf3 O-O-O 13. Ng5 Bd6 14. f4 dxe4 15.
dxe4 Bxf4 16. Bxf4 Qxf4 17. Nxg6 hxg6 18. Nxf7 Nxg4 19. Nxd8 Qg3+ 20. Kd2 Rxd8+
21. Kc1 Nf2 22. Rf1 Qf4+ 23. Kb1 Rd2 24. Qc4 Kb8 25. Qxe6 a6 26. Qg8+ Ka7 27.
Re1 Ne5 28. Qc8 Nfd3 0-1

[Event "TCh-HUN 2017-18"]
[Site "Hungary HUN"]
[Date "2018.02.18"]
[Round "6.10"]
[White "Galyas, Miklos"]
[Black "Straubinger, Daniel"]
[Result "1-0"]
[WhiteTitle "IM"]
[WhiteElo "2480"]
[BlackElo "2247"]
[WhiteTeam "Aquaprofit-NTSK I"]
[BlackTeam "Aquarena Kobanya SC"]
[WhiteFideId "707244"]
[BlackFideId "738573"]
[EventDate "2017.11.25"]
[EventType "team-tourn"]

1. d4 d5 2. Bf4 Nf6 3. e3 c5 4. c3 Nc6 5. Nd2 Qb6 6. Qb3 c4 7. Qc2 Qa5 8. Ngf3
Bg4 9. h3 Bh5 10. Nh4 e6 11. g4 Bg6 12. Nxg6 hxg6 13. Bg2 Be7 14. e4 Rd8 15. O-O
O-O 16. e5 Nh7 17. Be3 Rd7 18. f4 b5 19. f5 gxf5 20. gxf5 Nd8 21. f6 gxf6 22.
Bh6 Re8 23. Be4 dxe4 24. Nb3 cxb3 25. Qg2+ Ng5 26. exf6 1-0

[Event "TCh-HUN 2017-18"]
[Site "Hungary HUN"]
[Date "2018.02.18"]
[Round "6.11"]
[White "Polyik, Peter"]
[Black "Bodo, Norbert"]
[Result "1/2-1/2"]
[WhiteElo "2264"]
[BlackElo "1364"]
[WhiteTeam "Aquarena Kobanya SC"]
[BlackTeam "Aquarena Kobanya SC"]
[WhiteFideId "758817"]
[BlackFideId "789348"]
[EventDate "2017.11.25"]
[EventType "team-tourn"]

1. d4 d5 2. c4 dxc4 3. e3 Nf6 4. Bxc4 e6 5. Nf3 a6 6. O-O b5 7. Be2 Bb7 8. a4 b4
9. Nbd2 c5 10. dxc5 Nbd7 11. Nc4 Nxc5 12. Bd2 a5 13. Nce5 Bd6 14. Bb5+ Ke7 15.
Nc6+ Bxc6 16. Bxc6 Rc8 17. Nd4 Be5 18. Qf3 Qd6 19. Rfd1 Bxd4 20. exd4 Qxc6 21.
Qxc6 Rxc6 22. dxc5 Nd5 23. Rac1 Rhc8 24. Kf1 Rxc5 25. Rxc5 Rxc5 26. Rc1 Kd6 27.
Ke2 Rxc1 28. Bxc1 Kc5 29. Kd3 e5 30. g3 f6 31. Bd2 Kc6 32. b3 Kc5 33. f3 Kc6 34.
Bc1 Nc7 35. Be3 Ne6 36. Kc4 f5 37. h4 h6 38. Bf2 g5 39. g4 fxg4 40. fxg4 gxh4
41. Bxh4 Ng5 42. Bf2 Ne4 43. Be3 Nf6 44. Bxh6 Nxg4 45. Bg5 Nf2 46. Bd8 Ne4 47.
Bxa5 Nd2+ 48. Kxb4 e4 49. Kc3 Nxb3 50. Kxb3 1/2-1/2

[Event "TCh-HUN 2017-18"]
[Site "Hungary HUN"]
[Date "2018.02.18"]
[Round "6.12"]
[White "Gara, Ticia"]
[Black "Havanecz, Bianka"]
[Result "1-0"]
[WhiteTitle "WGM"]
[BlackTitle "WIM"]
[WhiteElo "2317"]
[BlackElo "2199"]
[WhiteTeam "Aquaprofit-NTSK I"]
[BlackTeam "Aquarena Kobanya SC"]
[WhiteFideId "717444"]
[BlackFideId "704814"]
[EventDate "2017.11.25"]
[EventType "team-tourn"]

1. Nf3 d5 2. g3 c6 3. Bg2 Bg4 4. c4 e6 5. O-O Nf6 6. d3 Be7 7. cxd5 Bxf3 8. Bxf3
cxd5 9. e4 O-O 10. exd5 exd5 11. Nc3 Nc6 12. Bg2 Qb6 13. Nxd5 Nxd5 14. Bxd5 Rad8
15. Be4 Bf6 16. Qb3 Qa6 17. Be3 Rd7 18. Rac1 Nd4 19. Bxd4 Bxd4 20. Rc2 g6 21.
Rfc1 Kg7 22. Kg2 Qf6 23. Qb5 Qe7 24. Re2 Rfd8 25. Bf3 Qd6 26. Bxb7 Re7 27. Rxe7
Qxe7 28. Bf3 Rd6 29. b3 Bb6 30. Qb4 Qf6 31. Qc3 Bd4 32. Qc7 Bb6 33. Qc3 Bd4 34.
Qc4 Bb6 35. Re1 h5 36. h4 Qb2 37. Re2 Qa1 38. Qc2 Qd4 39. Be4 Rf6 40. Qb2 Qd6
41. b4 Bd4 42. Qd2 Qa6 43. Qc2 Qb6 44. a3 a5 45. bxa5 Qxa5 46. a4 Qa7 47. Bd5
Rf5 48. Qa2 Qd7 49. Be4 Ra5 50. Qc2 Qxa4 51. Qxa4 Rxa4 52. Kf3 Ra6 53. Bd5 Rf6+
54. Kg2 Rf5 55. Bc4 Rf6 56. f4 Bc5 57. Re5 Rc6 58. Kf3 Kf6 59. Re8 Rc7 60. g4
hxg4+ 61. Kxg4 Be7 62. Rh8 Rd7 63. Rh7 Bb4 64. h5 gxh5+ 65. Rxh5 Bc3 66. Rh6+
Ke7 67. Kf5 f6 68. Rh2 Kd6 69. Ra2 Kc5 70. Ke6 Rd6+ 71. Ke7 Rd4 72. f5 Rh4 73.
Rc2 Rh7+ 74. Ke6 Be5 75. Bd5+ Kd4 76. Be4 Ra7 77. Rc4+ Ke3 78. Rc5 Ra6+ 79. Kf7
Ba1 80. Rc7 Kf4 81. Re7 Kg5 82. Rd7 Kf4 83. Kg6 Ra2 84. Rd6 Ra7 85. Bc6 Be5 86.
Re6 Ra1 87. d4 Rg1+ 88. Kf7 Bxd4 89. Re4+ Kxf5 90. Rxd4 Rf1 91. Rd5+ Kg4 92.
Bd7+ Kg3 93. Bf5 Kf4 94. Kxf6 Ra1 95. Rd4+ Ke3 96. Re4+ Kf3 97. Rb4 Ke3 98. Bd7
Ra7 99. Bb5 Rh7 100. Be8 Ra7 101. Bf7 Ra5 102. Be6 Rc5 103. Rb3+ Kd4 104. Bf5
Rc6+ 105. Kg5 Rc1 106. Bg4 Rc3 107. Rb8 Re3 108. Rd8+ Ke5 109. Rd7 Rg3 110. Re7+
Kd6 111. Re1 Rg2 112. Kf4 Rd2 113. Re8 Rh2 114. Rd8+ Kc5 115. Ke5 Rh6 116. Bf5
Rh5 117. Rc8+ Kb4 118. Ke4 Rh4+ 119. Kd3 Rh5 120. Be4 Rc5 121. Rb8+ Rb5 122. Rh8
Rc5 123. Rb8+ Rb5 124. Rd8 Kc5 125. Rd5+ Kb4 126. Rd6 Rc5 127. Bd5 Rc7 128. Kd4
Kb5 129. Rd8 Rh7 130. Rb8+ Ka4 131. Kc3 Ka5 132. Bc4 Rh5 133. Rb1 Rg5 134. Kd4
Rh5 135. Bd5 Ka6 136. Kc5 Ka7 137. Rb7+ Ka6 138. Rb8 Rh7 139. Rb1 Ka7 140. Ra1+
Kb8 141. Ra8+ Kc7 142. Ra7+ 1-0

[Event "TCh-HUN 2017-18"]
[Site "Hungary HUN"]
[Date "2018.03.04"]
[Round "7.1"]
[White "Hera, Imre Jr."]
[Black "Gledura, Benjamin"]
[Result "1/2-1/2"]
[WhiteTitle "GM"]
[BlackTitle "GM"]
[WhiteElo "2616"]
[BlackElo "2605"]
[WhiteTeam "DVTK"]
[BlackTeam "HUSI SC"]
[WhiteFideId "716855"]
[BlackFideId "712779"]
[EventDate "2017.11.25"]
[EventType "team-tourn"]

1. e4 e5 2. Nf3 Nc6 3. Nc3 Nf6 4. Bb5 Bb4 5. O-O O-O 6. d3 Bxc3 7. bxc3 d6 8.
Bg5 h6 9. Bh4 Qe7 10. Re1 a6 11. Ba4 Na5 12. Nd2 g5 13. Bg3 Bg4 14. f3 Be6 15.
Nf1 Nh5 16. Bf2 Nf4 17. Ne3 Kh8 18. Qd2 Rg8 19. c4 b6 20. Nd5 Bxd5 21. cxd5 Rg7
22. Be3 Rf8 23. c4 h5 24. Kh1 h4 25. Rac1 h3 26. g4 Ng2 27. Rg1 Nxe3 28. Qxe3
Nb7 29. Bd1 Qf6 30. Be2 Qf4 31. Qxf4 gxf4 32. d4 exd4 33. Rgd1 Nc5 1/2-1/2

[Event "TCh-HUN 2017-18"]
[Site "Hungary HUN"]
[Date "2018.03.04"]
[Round "7.2"]
[White "Pinter, Jozsef"]
[Black "Antal, Gergely"]
[Result "1/2-1/2"]
[WhiteTitle "GM"]
[BlackTitle "GM"]
[WhiteElo "2539"]
[BlackElo "2525"]
[WhiteTeam "HUSI SC"]
[BlackTeam "DVTK"]
[WhiteFideId "700045"]
[BlackFideId "717312"]
[EventDate "2017.11.25"]
[EventType "team-tourn"]

1. d4 Nf6 2. c4 g6 3. Nc3 d5 4. Bf4 Bg7 5. e3 O-O 6. Rc1 Be6 7. Qb3 c5 8. Qxb7
Qb6 9. Qxb6 axb6 10. Nf3 dxc4 11. dxc5 bxc5 12. Ng5 Bd5 13. Nxd5 Nxd5 14. Bxc4
Nxf4 15. exf4 Bxb2 16. Rc2 Bf6 17. O-O Nc6 18. Ne4 Bd4 19. Rfc1 Ra3 20. Re2 Na5
21. g3 Rb8 22. Rcc2 e6 23. Red2 Nc6 24. Bb3 Na5 25. Bc4 Nc6 26. Rd1 Nb4 27. Re2
Nd5 28. Rc1 Nc3 1/2-1/2